The economic impact of the patient system : A study of the British experience

Na minha lista:
Detalhes bibliográficos
Autor principal: Taylor, C. T.
Formato: Livro
Idioma:Undetermined
Publicado em: Cambridge Cambrige University Press 1973
Assuntos:
Tags: Adicionar Tag
Sem tags, seja o primeiro a adicionar uma tag!
Thư viện lưu trữ: Trung tâm Học liệu Trường Đại học Cần Thơ
LEADER 00556nam a2200193Ia 4500
001 CTU_78137
008 210402s9999 xx 000 0 und d
082 |a 608.7 
082 |b T238 
100 |a Taylor, C. T. 
245 4 |a The economic impact of the patient system : 
245 2 |b A study of the British experience 
245 0 |c C. T. Taylor, Z. A. Silberston 
260 |a Cambridge 
260 |b Cambrige University Press 
260 |c 1973 
650 |a Patens 
650 |z Great Britain 
980 |a Trung tâm Học liệu Trường Đại học Cần Thơ